Bez czego człowiek nie jest w stanie żyć? - Statystyki

Ogólne statystyki
  • Ten quiz został rozwiązany 83 razy
  • Średni wynik to 3 z 5
Statystyki odpowiedzi
Człowiek nie może żyć bez: % Poprawnych
Wody
100%
Jedzenia
95%
Powietrza
81%
Snu
46%
Światła
23%
Nie znaleziono quizów pasujących do podanych kryteriów
Rozkład punktacji
Procent ludzi z każdym wynikiem
Percentyl według liczby udzielonych odpowiedzi
Twoja historia wyników
Nie rozwiązałeś tego quizu